La arquitectura del Renacimiento en Toledo (1541-1631) / (Record no. 97881)

MARC details
000 -LEADER
campo de control de longitud fija 00931nam a2200229 i 4500
001 - NÚMERO DE CONTROL
campo de control 97881
003 - IDENTIFICADOR DE NÚMERO DE CONTROL
campo de control ES-MaACL
005 - FECHA Y HORA DE LA ÚLTIMA TRANSACCIÓN
campo de control 20250829122013.0
007 - CAMPO FIJO DE DESCRIPCIÓN FÍSICA--INFORMACIÓN GENERAL
campo de control de longitud fija t|
008 - DATOS DE LONGITUD FIJA--INFORMACIÓN GENERAL
campo de control de longitud fija 050719q1983 sp ||||1| spa d
020 ## - NÚMERO INTERNACIONAL ESTÁNDAR DEL LIBRO
Número Internacional Estándar del Libro 84-00-05897-6
100 1# - ENTRADA PRINCIPAL--NOMBRE DE PERSONA
Nombre de persona Marías, Fernando.
9 (RLIN) 76686
245 13 - MENCIÓN DEL TÍTULO
Título La arquitectura del Renacimiento en Toledo (1541-1631) /
Mención de responsabilidad, etc. Fernando Marías.
260 ## - PUBLICACIÓN, DISTRIBUCIÓN, ETC.
Lugar de publicación, distribución, etc. Toledo :
Nombre del editor, distribuidor, etc. Instituto Provincial de Investigaciones y Estudios Toledanos,
Fecha de publicación, distribución, etc. 1983-
300 ## - DESCRIPCIÓN FÍSICA
Extensión 2 v. :
Otras características físicas il. ;
Dimensiones 24 cm.
490 1# - MENCIÓN DE SERIE
Mención de serie Publicaciones del Instituto Provincial de Investigaciones y Estudios Toledanos. Serie I. Monografías ;
Designación de volumen o secuencia 10
500 ## - NOTA GENERAL
Nota general Sol los v. I y II.
710 2# - ENTRADA AGREGADA--NOMBRE DE ENTIDAD CORPORATIVA
Nombre de entidad corporativa o nombre de jurisdicción como elemento de entrada Instituto Provincial de Investigaciones y Estudios Toledanos.
9 (RLIN) 5217
830 00 - PUNTO DE ACCESO ADICIONAL DE SERIE-TÍTULO UNIFORME
Título uniforme Publicaciones del Instituto Provincial de Investigaciones y Estudios Toledanos
Designación de volumen o secuencia 10
9 (RLIN) 242140
852 ## - LOCALIZACIÓN
Ubicación ES-MaACL
Número de control de estantería P-1622
Sublocalización o colección R.105117
Holdings
Estatus retirado Estado de pérdida Estado de daño No para préstamo Biblioteca de origen Biblioteca actual Ubicación en estantería Fecha de adquisición Fuente de adquisición Total de préstamos Signatura topográfica completa Código de barras Visto por última vez Precio de reemplazo Tipo de ítem Koha
        Biblioteca del Ateneo de Madrid Biblioteca del Ateneo de Madrid Depósito 2 17/01/2008     P-1622 1102175 23/02/2023 23/02/2023 Libro impreso